ACM ADA: analysis and design of algorithms (Record no. 193442)

000 -LEADER
fixed length control field 00401nam a2200121Ia 4500
008 - FIXED-LENGTH DATA ELEMENTS--GENERAL INFORMATION
fixed length control field 220901s9999||||xx |||||||||||||| ||und||
082 ## - DEWEY DECIMAL CLASSIFICATION NUMBER
Classification number 005.13 CAT
100 ## - MAIN ENTRY--PERSONAL NAME
Personal name Catalyurek, Umit, V
9 (RLIN) 13470
245 #0 - TITLE STATEMENT
Title ACM ADA: analysis and design of algorithms
250 ## - EDITION STATEMENT
Edition statement Vol. 30 Issue No. 1,2 & 3
260 ## - PUBLICATION, DISTRIBUTION, ETC.
Name of publisher, distributor, etc. ACM(Association Computing Machinery)
Date of publication, distribution, etc. 2010
650 ## - SUBJECT ADDED ENTRY--TOPICAL TERM
Topical term or geographic name entry element Algorithms of design analysis letters
9 (RLIN) 13471
Holdings
Withdrawn status Lost status Damaged status Not for loan Home library Current library Shelving location Date acquired Full call number Barcode Date last seen Price effective from Koha item type
        Central Library Central Library Book Cart 09/01/2022 005.13 CAT BV173 09/01/2022 09/01/2022 Bound Volumes

Powered by Koha